[Event "Speed Chess GP3"]
[Site "Chess.com INT"]
[Date "2021.10.02"]
[Round "4"]
[White "Herrera Sosa, Jessica"]
[Black "Pourkashiyan, Atousa"]
[Result "1-0"]
[WhiteElo "1949"]
[BlackElo "2322"]
[PlyCount "108"]
[EventDate "2021.10.02"]
[EventType "swiss (blitz)"]
[EventRounds "10"]
[EventCountry "USA"]
[SourceTitle "CBM 204 Extra"]
[Source "ChessBase"]
[SourceDate "2021.11.30"]
[SourceVersion "1"]
[SourceVersionDate "2021.11.30"]
[SourceQuality "1"]

1. e4 c5 2. Nf3 e6 3. d4 cxd4 4. Nxd4 a6 5. Nc3 Qc7 6. Be3 Nf6 7. Be2 Bb4 8. f3 d5 9. 0-0 Bxc3 10. bxc3 dxe4 11. fxe4 Nxe4 12. Bd3 Nxc3 13. Qh5 Nd5 14. Bd2 Nf6 15. Qg5 Nbd7 16. Qxg7 Rg8 17. Qh6 Qc5 18. Be3 Qh5 19. Rxf6 Nxf6 20. Qxf6 Qh3 21. Qf2 Rxg2+ 22. Qxg2 Qxe3+ 23. Qf2 Qg5+ 24. Kh1 Qd5+ 25. Nf3 Bd7 26. Re1 0-0-0 27. Be4 Qa5 28. Qa7 Qc7 29. Ne5 Bc6 30. Qa8+ Qb8 31. Qxb8+ Kxb8 32. Bxc6 Rd2 33. Be4 f5 34. Bd3 Ka7 35. Kg1 f4 36. Nf3 Rxd3 37. cxd3 e5 38. Rxe5 Kb6 39. Rf5 Kc6 40. Rxf4 Kd6 41. Rd4+ Kc5 42. Rd7 b5 43. Rxh7 Kb4 44. Ne5 a5 45. Nc6+ Ka3 46. Nxa5 Kxa2 47. Ra7 Ka3 48. Nc6+ Kb2 49. d4 Kc3 50. d5 b4 51. Nxb4 Kxb4 52. d6 Kc5 53. d7 Kd5 54. d8Q+ Ke6 1-0

[Event "VEN pre olympic2 (Women)"]
[Site "Caracas"]
[Date "2018.04.21"]
[Round "7"]
[White "Herrera Sosa, Jessica"]
[Black "Rovira Contreras, Tairu Manuela"]
[Result "1/2-1/2"]
[WhiteElo "1941"]
[BlackElo "2038"]
[PlyCount "74"]
[EventDate "2018.04.18"]
[EventType "tourn"]
[EventRounds "10"]
[EventCountry "VEN"]
[SourceTitle "EXT 2019"]
[Source "ChessBase"]
[SourceDate "2018.10.10"]
[SourceVersion "1"]
[SourceVersionDate "2018.10.10"]
[SourceQuality "1"]

1. e4 e5 2. Nf3 Nc6 3. Bc4 Nf6 4. 0-0 Be7 5. d4 exd4 6. e5 Ne4 7. Bd5 Nc5 8. a3 Ne6 9. b4 d6 10. Bxc6+ bxc6 11. Nxd4 Nxd4 12. Qxd4 dxe5 13. Qxe5 0-0 14. Qg3 Bf6 15. c3 Re8 16. Be3 a5 17. Ra2 Bf5 18. Rd2 Qe7 19. Bc5 Qe6 20. Rdd1 axb4 21. cxb4 Be5 22. f4 Bb2 23. Nc3 Red8 24. Rfe1 Qg6 25. Qe3 h6 26. a4 Bxc3 27. Rxd8+ Rxd8 28. Qxc3 Be4 29. Qb2 Bc2 30. Bd4 Bxa4 31. h3 Bc2 32. Re3 h5 33. Re5 Rd5 34. Re8+ Kh7 35. Bxg7 Qxg7 36. Qxc2+ Qg6 37. Qc3 Qg7 1/2-1/2

[Event "Turmero Zowain Memorial"]
[Site "Turmero"]
[Date "2017.08.19"]
[Round "5"]
[White "Camargo Picon, Josue Fernando"]
[Black "Herrera Sosa, Jessica"]
[Result "0-1"]
[WhiteElo "1928"]
[BlackElo "1928"]
[PlyCount "52"]
[EventDate "2017.08.19"]
[EventType "swiss"]
[EventRounds "6"]
[EventCountry "VEN"]
[SourceTitle "EXT 2019"]
[Source "ChessBase"]
[SourceDate "2018.10.10"]
[SourceVersion "1"]
[SourceVersionDate "2018.10.10"]
[SourceQuality "1"]

1. e4 e5 2. Nf3 Nc6 3. Bc4 Bc5 4. c3 Nf6 5. d3 0-0 6. Nbd2 d6 7. 0-0 Be6 8. Bb5 Bb6 9. h3 Ne7 10. Re1 Ng6 11. Nf1 c6 12. Ba4 Nh5 13. d4 Nhf4 14. Ng3 Qc8 15. Ng5 exd4 16. cxd4 h6 17. Nxe6 fxe6 18. Nh5 e5 19. Qb3+ Kh7 20. Nxf4 Nxf4 21. dxe5 Nxg2 22. Re2 Nh4 23. e6 Rf3 24. Qc4 Qe8 25. e5 Qg6+ 26. Qg4 Rg3+ 0-1

[Event "VEN-ch (Women)"]
[Site "Lecheria"]
[Date "2014.01.14"]
[Round "8"]
[White "Ubaldo Suarez, Maria Gisela"]
[Black "Herrera Sosa, Jessica"]
[Result "1-0"]
[WhiteElo "2020"]
[BlackElo "1956"]
[PlyCount "77"]
[EventDate "2014.01.10"]
[EventType "swiss"]
[EventRounds "9"]
[EventCountry "VEN"]
[SourceTitle "CBM 158 Extra"]
[Source "ChessBase"]
[SourceDate "2014.02.28"]
[SourceVersion "1"]
[SourceVersionDate "2014.02.28"]
[SourceQuality "1"]

1. d4 Nf6 2. c4 g6 3. Nc3 Bg7 4. e4 d6 5. Nf3 0-0 6. Be2 e5 7. 0-0 Nc6 8. d5 Ne7 9. Ne1 Nd7 10. Nd3 f5 11. Bd2 Nf6 12. f3 f4 13. Qc2 g5 14. c5 Ng6 15. cxd6 cxd6 16. Nb5 Rf7 17. Nf2 a6 18. Na3 h5 19. Nc4 b6 20. a4 g4 21. fxg4 hxg4 22. Ra3 Bf8 23. a5 Nh4 24. Nxb6 Rg7 25. Nxa8 f3 26. Bd1 Nxg2 27. Nh1 Nh7 28. Ng3 Nh4 29. Nb6 Rc7 30. Rc3 Rxc3 31. Qxc3 Bd7 32. Nxd7 Qxd7 33. Qc6 Qa7+ 34. Qb6 Qa8 35. b4 Be7 36. Kf2 Nf6 37. Bb3 Ng2 38. Rc1 Nd7 39. Qc7 1-0

[Event "VEN-ch (Women)"]
[Site "Lecheria"]
[Date "2014.01.11"]
[Round "3"]
[White "Patino Garcia, Corals"]
[Black "Herrera Sosa, Jessica"]
[Result "1-0"]
[WhiteElo "1799"]
[BlackElo "1956"]
[PlyCount "67"]
[EventDate "2014.01.10"]
[EventType "swiss"]
[EventRounds "9"]
[EventCountry "VEN"]
[SourceTitle "CBM 158 Extra"]
[Source "ChessBase"]
[SourceDate "2014.02.28"]
[SourceVersion "1"]
[SourceVersionDate "2014.02.28"]
[SourceQuality "1"]

1. d4 Nf6 2. c4 g6 3. Nc3 Bg7 4. e4 d6 5. f4 0-0 6. Nf3 c5 7. d5 e6 8. Be2 exd5 9. cxd5 Bg4 10. 0-0 Re8 11. e5 dxe5 12. fxe5 Bxf3 13. Bxf3 Rxe5 14. Bf4 Re7 15. Qb3 Qb6 16. Qxb6 axb6 17. Rfe1 Rd7 18. Bg4 Rd8 19. Bc7 Nxg4 20. Bxd8 Bd4+ 21. Kf1 Ne3+ 22. Rxe3 Bxe3 23. Bxb6 Nd7 24. Bc7 Bd4 25. d6 Bxc3 26. bxc3 Ra3 27. Re1 Kf8 28. Re7 Nf6 29. d7 Nxd7 30. Rxd7 Ke8 31. Rd8+ Ke7 32. Rd3 Ke6 33. Bd6 b6 34. Bc7 1-0

[Event "San Cristobal Bolivar op 1st"]
[Site "San Cristobal"]
[Date "2012.09.27"]
[Round "5"]
[White "Tovio, Israel"]
[Black "Herrera Sosa, Jessica"]
[Result "1-0"]
[WhiteElo "2257"]
[BlackElo "1954"]
[PlyCount "95"]
[EventDate "2012.09.25"]
[EventType "swiss"]
[EventRounds "10"]
[EventCountry "VEN"]
[SourceTitle "EXT 2013"]
[Source "ChessBase"]
[SourceDate "2012.11.22"]
[SourceVersion "1"]
[SourceVersionDate "2012.11.22"]
[SourceQuality "1"]

1. e4 e5 2. Nf3 Nc6 3. Bb5 Bc5 4. c3 Nf6 5. 0-0 0-0 6. d4 Bb6 7. Re1 exd4 8. cxd4 d5 9. e5 Ne4 10. Nc3 Bg4 11. Bxc6 Nxc3 12. bxc3 bxc6 13. a4 a5 14. Ba3 Re8 15. Qd3 f6 16. exf6 Qxf6 17. Ne5 Bf5 18. Qg3 Be4 19. Re3 c5 20. Bxc5 Bxc5 21. Nd7 Qc6 22. Nxc5 Bc2 23. h3 Rxe3 24. Qxe3 Re8 25. Qd2 Qg6 26. Re1 Be4 27. f3 Bb1 28. Rxe8+ Qxe8 29. Kf2 h6 30. Qe1 Qxe1+ 31. Kxe1 Kf7 32. Kd2 Bf5 33. g4 Bc8 34. Ke3 g5 35. f4 Kf6 36. Kf3 h5 37. gxh5 Bxh3 38. h6 Bf5 39. Nb3 g4+ 40. Kg3 Bc2 41. Nxa5 Bxa4 42. h7 Kg7 43. Kxg4 Bc2 44. f5 Kxh7 45. Kf4 Kg7 46. Ke5 Kf7 47. Nc6 Ba4 48. Nb4 1-0

[Event "Barquisimeto op"]
[Site "Barquisimeto"]
[Date "2012.05.25"]
[Round "4"]
[White "Marin Ramirez, Gerardo"]
[Black "Herrera Sosa, Jessica"]
[Result "1-0"]
[WhiteElo "2219"]
[BlackElo "1963"]
[PlyCount "79"]
[EventDate "2012.05.23"]
[EventType "swiss"]
[EventRounds "7"]
[EventCountry "VEN"]
[SourceTitle "CBM 148 Extra"]
[Source "ChessBase"]
[SourceDate "2012.06.22"]
[SourceVersion "1"]
[SourceVersionDate "2012.06.22"]
[SourceQuality "1"]

1. d4 d5 2. c4 dxc4 3. Nf3 c5 4. Qa4+ Nc6 5. dxc5 Qd5 6. Be3 Bd7 7. Nc3 Qh5 8. Qxc4 Nf6 9. b4 g6 10. b5 Ne5 11. Nxe5 Qxe5 12. Bd4 Qe6 13. e4 Bg7 14. Bd3 0-0 15. 0-0 Qxc4 16. Bxc4 Rac8 17. Rac1 Rfd8 18. h3 e5 19. Be3 Bf8 20. Bg5 Be7 21. Bxf6 Bxf6 22. Nd5 Bg5 23. f4 exf4 24. Nxf4 Be8 25. a4 Rd4 26. Bd5 Rxa4 27. Bxb7 Bxf4 28. Rxf4 Rc7 29. c6 Rb4 30. Rc5 f5 31. g3 fxe4 32. Re5 Bf7 33. Rfxe4 Bc4 34. Ba6 Kf7 35. g4 Ra4 36. g5 Ra1+ 37. Kf2 Ra2+ 38. Ke3 Rxa6 39. bxa6 Bxa6 40. Kd4 1-0

[Event "Barquisimeto op"]
[Site "Barquisimeto"]
[Date "2012.05.24"]
[Round "2"]
[White "Gascon del Nogal, Jose Rafael"]
[Black "Herrera Sosa, Jessica"]
[Result "1-0"]
[WhiteElo "2199"]
[BlackElo "1963"]
[PlyCount "39"]
[EventDate "2012.05.23"]
[EventType "swiss"]
[EventRounds "7"]
[EventCountry "VEN"]
[SourceTitle "CBM 148 Extra"]
[Source "ChessBase"]
[SourceDate "2012.06.22"]
[SourceVersion "1"]
[SourceVersionDate "2012.06.22"]
[SourceQuality "1"]

1. e4 e5 2. Nf3 Nc6 3. Bb5 Bc5 4. 0-0 Nf6 5. c3 0-0 6. d4 exd4 7. cxd4 Bb6 8. e5 Nd5 9. Bg5 Nce7 10. Bc4 Qe8 11. Re1 c6 12. Nbd2 h6 13. Bh4 Nf5 14. Ne4 Nxh4 15. Nxh4 Ba5 16. Bxd5 Qd8 17. Nf6+ Kh8 18. Bxf7 gxf6 19. Qh5 Bd2 20. Re3 1-0

[Event "Pan American U18 Girls"]
[Site "Bento Goncalves"]
[Date "2010.08.06"]
[Round "8"]
[White "Herrera Sosa, Jessica"]
[Black "Benedetti, Antonella"]
[Result "1-0"]
[WhiteElo "1948"]
[BlackElo "1950"]
[PlyCount "57"]
[EventDate "2010.08.02"]
[EventType "swiss"]
[EventRounds "9"]
[EventCountry "BRA"]
[SourceTitle "EXT 2013"]
[Source "ChessBase"]
[SourceDate "2012.11.22"]
[SourceVersion "1"]
[SourceVersionDate "2012.11.22"]
[SourceQuality "1"]

1. e4 c5 2. Nf3 d6 3. d4 cxd4 4. Nxd4 Nf6 5. Nc3 g6 6. Be3 Bg7 7. Be2 0-0 8. 0-0 Nc6 9. Kh1 Nxd4 10. Bxd4 Be6 11. f4 Qc8 12. Qd3 Bg4 13. f5 Qc6 14. Bxg4 Nxg4 15. Nd5 Qd7 16. Bxg7 Kxg7 17. Qg3 Nf6 18. Nxf6 exf6 19. Rad1 Qa4 20. Rxd6 Qxe4 21. Rxf6 Kxf6 22. fxg6+ Kg7 23. gxf7+ Qg6 24. Qe5+ Kh6 25. Rf3 Qg5 26. Rf6+ Kh5 27. Rf5 h6 28. h4 Kxh4 29. Qh2+ 1-0

[Event "Pan American U18 Girls"]
[Site "Bento Goncalves"]
[Date "2010.08.04"]
[Round "4"]
[White "Orozco Lopez, Lina Yomayra"]
[Black "Herrera Sosa, Jessica"]
[Result "1/2-1/2"]
[WhiteElo "2109"]
[BlackElo "1948"]
[PlyCount "143"]
[EventDate "2010.08.02"]
[EventType "swiss"]
[EventRounds "9"]
[EventCountry "BRA"]
[SourceTitle "EXT 2013"]
[Source "ChessBase"]
[SourceDate "2012.11.22"]
[SourceVersion "1"]
[SourceVersionDate "2012.11.22"]
[SourceQuality "1"]

1. e4 e5 2. Nf3 Nc6 3. Bb5 a6 4. Ba4 Nf6 5. 0-0 Be7 6. Re1 b5 7. Bb3 d6 8. c3 0-0 9. h3 Na5 10. Bc2 c5 11. d4 Qc7 12. Nbd2 cxd4 13. cxd4 Nc6 14. Bb1 Bd7 15. Nf1 a5 16. Bg5 a4 17. Bd3 Nxd4 18. Nxd4 exd4 19. Rc1 Qb6 20. e5 dxe5 21. Rxe5 Rfe8 22. Qf3 Bf8 23. Bxf6 Qxf6 24. Qxf6 gxf6 25. Rd5 Be6 26. Rxd4 Bxa2 27. Rg4+ Kh8 28. Bxb5 Reb8 29. Bc6 Rc8 30. Rc3 Rab8 31. Bxa4 Rxc3 32. bxc3 Rc8 33. Ng3 Rxc3 34. Nh5 Bd6 35. Rd4 Rc1+ 36. Bd1 Bc7 37. Rd7 Be6 38. Rxc7 Rxc7 39. Kh2 f5 40. g4 Rc1 41. Bf3 Kg8 42. Kg3 Rg1+ 43. Kf4 fxg4 44. hxg4 h6 45. Ng3 Ra1 46. Be4 Ra2 47. f3 Ra5 48. Nh5 Kf8 49. Nf6 Rc5 50. Bd3 Ra5 51. Be4 Bc8 52. Kg3 Ra6 53. Nh5 Ke7 54. Nf4 Be6 55. Nh5 Ra5 56. Kf4 Bd5 57. Bd3 Ra4+ 58. Ke3 Ra3 59. Nf4 Bc4 60. Ke4 Bxd3+ 61. Nxd3 Ra4+ 62. Kf5 Ra5+ 63. Kf4 Kf6 64. Nf2 Ra4+ 65. Ne4+ Ke6 66. Ke3 Rc4 67. Kf4 h5 68. g5 h4 69. Kg4 Ke5 70. Kxh4 Kf4 71. Kh5 Rxe4 72. fxe4 1/2-1/2

[Event "Capablanca Memorial op 45th"]
[Site "Havana"]
[Date "2010.06.18"]
[Round "8"]
[White "Herrera Sosa, Jessica"]
[Black "Rincon Gonzalez, Lilian Esther"]
[Result "1/2-1/2"]
[WhiteElo "1971"]
[BlackElo "1847"]
[PlyCount "20"]
[EventDate "2010.06.10"]
[EventType "swiss"]
[EventRounds "10"]
[EventCountry "CUB"]
[SourceTitle "CBM 137 Extra"]
[Source "ChessBase"]
[SourceDate "2010.09.01"]
[SourceVersion "1"]
[SourceVersionDate "2010.09.01"]
[SourceQuality "1"]

1. e4 c5 2. Nf3 Nc6 3. d4 cxd4 4. Nxd4 g6 5. Nc3 Bg7 6. Be3 Nf6 7. Be2 0-0 8. 0-0 d5 9. exd5 Nxd5 10. Nxc6 bxc6 1/2-1/2

[Event "Capablanca Memorial op 45th"]
[Site "Havana"]
[Date "2010.06.17"]
[Round "7"]
[White "Herrera Sosa, Jessica"]
[Black "Romero Echeverria, Abigail"]
[Result "0-1"]
[WhiteElo "1971"]
[BlackElo "2054"]
[PlyCount "56"]
[EventDate "2010.06.10"]
[EventType "swiss"]
[EventRounds "10"]
[EventCountry "CUB"]
[SourceTitle "CBM 137 Extra"]
[Source "ChessBase"]
[SourceDate "2010.09.01"]
[SourceVersion "1"]
[SourceVersionDate "2010.09.01"]
[SourceQuality "1"]

1. e4 c5 2. Nf3 e6 3. d4 cxd4 4. Nxd4 a6 5. Bd3 g6 6. 0-0 Bg7 7. Be3 Ne7 8. Nd2 d5 9. c3 0-0 10. N4b3 Nbc6 11. Qc2 f5 12. exf5 Nxf5 13. Bc5 Re8 14. f4 d4 15. Bxf5 exf5 16. cxd4 Nxd4 17. Nxd4 Bxd4+ 18. Bxd4 Qxd4+ 19. Rf2 Be6 20. Qc7 Bd5 21. Nb3 Bxb3 22. axb3 Rac8 23. Qxb7 Rc2 24. Qf3 Ree2 25. Raf1 Rxf2 26. Qxf2 Rxf2 27. Rxf2 Qd1+ 28. Rf1 Qxb3 0-1

[Event "Capablanca Memorial op 44th"]
[Site "Havana"]
[Date "2009.06.16"]
[Round "8"]
[White "Soto Hernandez, Henry"]
[Black "Herrera Sosa, Jessica"]
[Result "1-0"]
[WhiteElo "2293"]
[BlackElo "1927"]
[PlyCount "83"]
[EventDate "2009.06.08"]
[EventType "swiss"]
[EventRounds "10"]
[EventCountry "CUB"]
[SourceTitle "CBM 130 Extra"]
[Source "ChessBase"]
[SourceDate "2009.07.02"]
[SourceVersion "2"]
[SourceVersionDate "2009.07.15"]
[SourceQuality "1"]

1. e4 c5 2. Nf3 d6 3. d4 cxd4 4. Nxd4 Nf6 5. Nc3 a6 6. Be3 e5 7. Nb3 Be6 8. f3 Be7 9. Qd2 Nbd7 10. g4 b5 11. g5 b4 12. Ne2 Nh5 13. Ng3 Nxg3 14. hxg3 a5 15. f4 Nb6 16. Bb5+ Bd7 17. Bxd7+ Nxd7 18. Qd3 Qc7 19. Nd2 Rc8 20. 0-0-0 a4 21. Kb1 a3 22. b3 Qc3 23. Qxc3 Rxc3 24. Nc4 0-0 25. Rd3 Rxd3 26. cxd3 exf4 27. gxf4 f6 28. Bd2 Rb8 29. Ne3 Nc5 30. Nd5 Bd8 31. gxf6 Nxd3 32. Rg1 g6 33. Kc2 Nf2 34. e5 dxe5 35. fxe5 Kf7 36. Rf1 Ng4 37. Re1 Rc8+ 38. Kd3 Rc5 39. Kd4 Rc2 40. e6+ Kg8 41. f7+ Kf8 42. Bxb4+ 1-0

[Event "Capablanca Memorial op 44th"]
[Site "Havana"]
[Date "2009.06.12"]
[Round "5"]
[White "Catala Matienzo, Ivette"]
[Black "Herrera Sosa, Jessica"]
[Result "0-1"]
[WhiteElo "2182"]
[BlackElo "1927"]
[PlyCount "76"]
[EventDate "2009.06.08"]
[EventType "swiss"]
[EventRounds "10"]
[EventCountry "CUB"]
[SourceTitle "CBM 130 Extra"]
[Source "ChessBase"]
[SourceDate "2009.07.02"]
[SourceVersion "2"]
[SourceVersionDate "2009.07.15"]
[SourceQuality "1"]

1. d4 Nf6 2. Nf3 g6 3. g3 Bg7 4. Bg2 0-0 5. 0-0 d5 6. Nc3 b6 7. a4 Bb7 8. a5 Na6 9. Ne5 bxa5 10. Rxa5 c5 11. Rb5 Qc8 12. dxc5 Nxc5 13. Be3 Ncd7 14. Nxd7 Qxd7 15. Rxb7 Qxb7 16. Nxd5 Nxd5 17. Bxd5 Qxb2 18. Bxa8 Rxa8 19. Qd5 Rc8 20. Qd7 Ra8 21. Rd1 h5 22. Qc6 Qb8 23. Rd7 Bf6 24. Rb7 Qd8 25. Bxa7 h4 26. Kg2 Kg7 27. Bb6 Qd1 28. Rd7 h3+ 29. Kxh3 Qf1+ 30. Kg4 Qxe2+ 31. f3 Rh8 32. h4 Qg2 33. Kf4 Rh5 34. g4 Qh2+ 35. Ke3 Re5+ 36. Qe4 Rxe4+ 37. Kxe4 Qe2+ 38. Kf4 Qe5# 0-1